000 00254nam a22001097a 4500
008 160518b xxu||||| |||| 00| 0 eng d
020 _a0072414340
041 _aeng
080 _a61
245 _aLife-span development:
_cjohn W. Santrock;
942 _2udc
_cBK
999 _c2166
_d2166